00959nam a2200217 i 4500001000700000003000900007005001700016007000300033008004100036080002100077100002600098245010700124260007200231300004800303490006100351530003500412830005800447852004000505856011100545856008500656182700ES-MaACL20250824202555.0t|131010s1872 sp |||| | spa d a821.134.2-21"15"1 aMuñón, Sancho de.10aTragicomedia de Lisandro y Roselia, llamada Elicia, y por otro nombre cuarta obra y tercera Celestina. aMadrid : b[s.n.], c1872 (fImp. y Estereotipia de M. Rivadeneyra) aX, XVI, 300 p., [1] h. de lám. ; c19 cm.1 aColección de libros españoles raros o curiosos ; v3 aDisponible en formato digital.10aColección de libros españoles raros o curiososv3 aES-MaACLjR-2170-91. Olim: G-13952. uhttps://bibliotecadigital.jcyl.es/es/consulta/registro.do?id=2019zBiblioteca Digital de Castilla y León uhttps://archive.org/details/tragicomediadel00raygoog/page/n12 zInternet Archive